Logo BPK

Biblioteka

Politechniki Koszalińskiej

Kongresy Rolnictwa Europejskiego ; (Rekord nr 53895)

Szczegóły MARC
000 -ETYKIETA REKORDU
podpole kontrolne o stałej długości 01109nam a2200265 i 4500
001 - NUMER KONTROLNY REKORDU
pole kontrolne bg
020 ## - MIĘDZYNARODOWY ZNORMALIZOWANY NUMER KSIĄŻKI - ISBN
ISBN 8391268276
040 ## - ŹRÓDŁO KATALOGOWANIA
Instytucja, która utworzyła rekord BPK
041 0# - KOD JĘZYKA
Kod języka tekstu pol
044 ## - KOD KRAJU WYDAWCY/PRODUCENTA
Kod kraju wydawcy/producenta POL
080 ## - UNIWERSALNA KLASYFIKACJA DZIESIĘTNA - UKD
UKD 63
920 ## - Międzynarodowy znormalizowany numer książki – ISBN
ISBN 83-912682-7-6
008 - POLE O STAŁEJ DŁUGOŚCI - DANE KONTROLNE
podpole kontrolne o stałej długości 130116s pl a f |000 0 pol
100 1# - NAZWA OSOBOWA
Nazwa osobowa Gumkowski, Zdzisław.
245 10 - TYTUŁ/ODPOWIEDZIALNOŚĆ
Tytuł Kongresy Rolnictwa Europejskiego ;
Ciąg dalszy tytułu Europejski Model Rolnictwa ; Lobbing rolny w Brukseli /
Pozostałe elementy strefy tytułu i oznaczenia odpowiedzialności Zdzisław Gumkowski ; Fundacja Programów Pomocy dla Rolnictwa (FAPA).
260 ## - STREFA ADRESU WYDAWNICZEGO
Miejsce wydania Koszalin :
Nazwa wydawcy/dystrybutora Ekspert-SITR,
Data publikacji, dystrybucji/powstania dokumentu 2000.
300 ## - STREFA OPISU FIZYCZNEGO
Objętość [3], 98 s. :
Inne cechy fizyczne Tabl. ;
Dokument towarzyszący 21 cm.
500 ## - UWAGI OGÓLNE
Tekst uwagi Na okł.: Projekt Phare/FAPA "Organizacje rolnicze w procesie integracji z Unią Europejską - kontynuacja" nr PL9704-01-23 realizowanego przez Development Researches'Network w Rzymie w konsorcjum z EKSPERT-SITR Sp. z o. o. w Koszalinie.
650 #9 - HASŁO PRZEDMIOTOWE W FORMIE NAZWY OGÓLNEJ LUB JEDNOSTKOWEJ
Nazwa ogólna lub geograficzna Rolnictwo
Określnik geograficzny Europa
Określnik chronologiczny 1990-.
650 #9 - HASŁO PRZEDMIOTOWE W FORMIE NAZWY OGÓLNEJ LUB JEDNOSTKOWEJ
Nazwa ogólna lub geograficzna Lobbing
Określnik geograficzny Kraje UE.
700 12 - HASŁO DODATKOWE - NAZWA OSOBOWA
Nazwa osobowa Gumkowski, Zdzisław.
Tytuł dzieła Europejski Model Rolnictwa
700 12 - HASŁO DODATKOWE - NAZWA OSOBOWA
Nazwa osobowa Gumkowski, Zdzisław.
Tytuł dzieła Lobbing rolny w Brukseli
710 2# - HASŁO DODATKOWE - NAZWA CIAŁA ZBIOROWEGO
Nazwa ciała zbiorowego lub jednostki geograficznej Fundacja Programów Pomocy dla Rolnictwa
942 ## - DODATKOWE ELEMENTY (KOHA)
Typ dokumentu Książka
Egzemplarze
Wycofany Status egzemplarza Uszkodzony Dostępność Lokalizacja stała Lokalizacja bieżąca Miejsce przechowywania Sygnatura Kod kreskowy Dział Typ dokumentu
      Tylko na miejscu Biblioteka Politechniki Koszalińskiej Biblioteka Politechniki Koszalińskiej Czytelnia BG S 1735 02559780 63 Rolnictwo Książka
      Tylko na miejscu Biblioteka Politechniki Koszalińskiej Biblioteka Politechniki Koszalińskiej Czytelnia Wydziałowa ul. Kwiatkowskiego 6e S 1736 02559773 338.43 Ekonomika rolnictwa. Gospodarka żywnościowa Książka
      Dostępny Biblioteka Politechniki Koszalińskiej Biblioteka Politechniki Koszalińskiej Wypożyczalnia BG S 1737 02559766   Książka
      Dostępny Biblioteka Politechniki Koszalińskiej Biblioteka Politechniki Koszalińskiej Wypożyczalnia BG S 1738 02559759   Książka
      Dostępny Biblioteka Politechniki Koszalińskiej Biblioteka Politechniki Koszalińskiej Wypożyczalnia BG S 1739 02559742   Książka
      Dostępny Biblioteka Politechniki Koszalińskiej Biblioteka Politechniki Koszalińskiej Wypożyczalnia BG S 1740 02559735   Książka
      Dostępny Biblioteka Politechniki Koszalińskiej Biblioteka Politechniki Koszalińskiej Wypożyczalnia BG S 1741 02559728   Książka
      Dostępny Biblioteka Politechniki Koszalińskiej Biblioteka Politechniki Koszalińskiej Wypożyczalnia BG S 1742 02559711   Książka
      Dostępny Biblioteka Politechniki Koszalińskiej Biblioteka Politechniki Koszalińskiej Wypożyczalnia BG S 1743 02559704   Książka
      Dostępny Biblioteka Politechniki Koszalińskiej Biblioteka Politechniki Koszalińskiej Wypożyczalnia BG S 1744 02559698   Książka
© 2023 Biblioteka Politechniki Koszalińskiej :: KOHA